| 000 | 00348nam a22001337a 4500 | ||
|---|---|---|---|
| 999 |
_c257333 _d257332 |
||
| 020 | _a0534525113x | ||
| 022 | _a99033896 | ||
| 082 |
_aHQ734 _b.L23 1999 |
||
| 100 | _aLamanna Mary ann and RiedmannAgness | ||
| 245 | _aMarriages and Families: making choices in a diverse society | ||
| 250 | _a7th edn. | ||
| 260 |
_bWadsworth _c1999 |
||
| 942 | _cBK | ||